Shortened Famous Names Quiz Stats

 Plays Quiz Updated Oct 3, 2018

Score 0/32 Timer 07:00
4 Plays Today
Shortened Name Actor/Actress % Correct
Jam OxxJamie Foxx
86%
Rus OweRussell Crowe
80.9%
Sea EnnSean Penn
77.9%
Leo RioLeonardo DiCaprio
77.1%
Pen RuzPenélope Cruz
76.8%
Que FahQueen Latifah
76.1%
Nic AgeNicolas Cage
73.7%
Ang LieAngelina Jolie
72.7%
Hug ManHugh Jackman
69.8%
Syl OneSylvester Stallone
61.5%
Geo NeyGeorge Clooney
61.5%
Mat MonMatt Damon
58.5%
Ree OonReese Witherspoon
57.3%
Sig VerSigourney Weaver
55.5%
Woo LenWoody Allen
55.3%
Lia SonLiam Neeson
55.2%
Shortened Name Actor/Actress % Correct
Ale WinAlec Baldwin
53.8%
Joa NixJoaquin Phoenix
49.5%
Nat ManNatalie Portman
48.5%
Mor ManMorgan Freeman
47.4%
Jav DemJavier Bardem
39.8%
Den TonDenzel Washington
36.7%
Mar EenMartin Sheen
34.7%
Rob AllRobert Duvall
32.8%
Pet OlePeter O'Toole
31.9%
Cha RonCharlize Theron
30.5%
Bil RayBill Murray
30%
Kei LeyKeira Knightley
30%
Pie NanPierce Brosnan
28.7%
Dan WisDaniel Day-Lewis
28.6%
Gen ManGene Hackman
24.6%
Eli LorElizabeth Taylor
22.7%

You're not logged in!

Compare scores with friends on all Sporcle quizzes.
OR
Log In

Sporcle TV

Today on Sporcle TV


Watch our educational content, quiz creation guides, and fun videos on Sporcle TV.

Show Comments

Extras

Top Quizzes Today


Score Distribution

Your Account Isn't Verified!

In order to create a playlist on Sporcle, you need to verify the email address you used during registration. Go to your Sporcle Settings to finish the process.

Report this User

Report this user for behavior that violates our Community Guidelines.

Details: